|
|
|
|
| LEADER |
00000nam a22000007i 4500 |
| 001 |
IT\ICCU\RT1\0053753 |
| 003 |
ItRI |
| 005 |
20250603151938.0 |
| 008 |
151007s2012 it |||||| ||||| |||||c |
| 020 |
|
|
|a 9788863921793
|
| 040 |
|
|
|b ita
|c Arcigay Genova
|
| 041 |
|
7 |
|a ita
|2 ISO-639-2
|
| 082 |
|
|
|a 914.5511
|2 22
|
| 245 |
0 |
0 |
|a Free Firenze :
|b la guida gay di Firenze più completa, coraggiosa, affidabile e divertente /
|c a cura di Giovanni Dall'Orto e Paolo Nieri.
|
| 260 |
|
|
|a Firenze :
|b Cult,
|c 2012
|
| 300 |
|
|
|a 213 p. :
|b ill. ;
|c 19 cm
|
| 650 |
|
7 |
|a Firenze
|x Guide
|
| 700 |
1 |
|
|a Dall'Orto, Giovanni,
|d (1958- )
|0 IT\ICCU\CFIV\072597
|4 aut
|
| 700 |
1 |
|
|a Nieri, Paolo
|0 IT\ICCU\RT1V\024271
|4 aut
|
| 942 |
|
|
|2 ddc
|c BK
|
| 952 |
|
|
|0 0
|1 0
|2 ddc
|4 0
|6 914_551100000000000_DAL_FRE
|7 0
|9 4289
|a GE
|b GE
|d 2025-06-03
|l 0
|o 914.5511 DAL FRE
|p 1625
|r 2025-06-03 15:32:42
|w 2025-06-03
|y BK
|z Donazione di Claudio Tosi
|
| 981 |
|
1 |
|6 z01
|a i
|b xxxe
|
| 982 |
|
1 |
|6 z01
|a n
|
| 999 |
|
|
|c 3296
|d 3296
|